Дело о разрешении Марии Уваровой издания альбома "Российский Императорский дом". Тут же о разрешении Феонии Уваровой издания так...

Доступно только в Электронных читальных залах Найти на картеНа карте
RUSMARC
00003725nmc2a22002413x 450
001f4742a8e-5746-4745-bb17-259af3379f77
00520241004120932.0
100##$a20240522l18881891k l0rusy0189 ca
1010#$arus
102##$aRU
105##$ay###
1222#$ad
2001#$aДело о разрешении Марии Уваровой издания альбома "Российский Императорский дом". Тут же о разрешении Феонии Уваровой издания такового же альбома в уменьшенном размере и мужу ее Сергею Уварову листа с портретами особ Императорского Российского дома
$j17 апреля 1888 г. - 29 мая 1891 г.
215##$a73 л.
$d36,5х26 см
251##$cДело
300##$aДело
371##$aДокумент не является опубликованным и широко распространяемым
461#0$1001RusGRCC00077140
$12001
$aКанцелярия Министерства Императорского двора
$1251
$cФонд
$1852
$j472
462#0$100105ac7277-d5e4-4eb5-87fa-81362dc1584d
$12001
$aКанцелярия Министерства Императорского двора. Описи дел третьего отделения третьего стола
$1251
$cОпись
$1852
$j27
$l410-1930
801#0$aRU
$bРГИА
$c20240522
$gRCR
801#1$aRU
$bГлавНИВЦ
$c20240522
$2rusmarc
801#2$aRU
$bПБ им. Б.Н. Ельцина
$c20241004
$gRCR
$2rusmarc
850##$aРГИА
852##$aРГИА
$eФедеральное казенное учреждение "Российский государственный исторический архив" (РГИА)
$j27
937##$hРГИА
$d12412239
$aASBIBLIO_SCAN
035##$aRusGRCC00077118
856##$uhttp://readingroom.main.prlib.ru/item.aspx?id_node=n194231297&mode=full
Формат отображения